|
|
|
|
| LEADER |
00920nam a22002772a 4500 |
| 001 |
001161868 |
| 003 |
CZ BrMZK |
| 005 |
20120112080317.0 |
| 007 |
ta |
| 008 |
110804s1979 xo er|||||||||||slo d |
| 040 |
|
|
|a BOA001
|b cze
|
| 041 |
1 |
|
|a slo
|h ita
|
| 080 |
9 |
|
|a 850-32(081)=854
|
| 100 |
1 |
|
|a Sciascia, Leonardo,
|d 1921-1989
|7 jn20000604812
|4 aut
|
| 245 |
1 |
0 |
|a More vínovej farby /
|c Leonardo Sciascia ; z talianskeho originálu ... preložila Marína Miháliková-Hečková ; doslov napísala Lea Škanderová
|
| 250 |
|
|
|a 1. vyd. ve Smene
|
| 260 |
|
|
|a Bratislava :
|b Smena,
|c 1979
|
| 300 |
|
|
|a 213 s.
|
| 490 |
1 |
|
|a Štafeta
|
| 765 |
0 |
|
|t Mare colore del vino
|9 Slovensky
|
| 700 |
1 |
|
|a Škanderová, Lea
|7 jx20071128102
|4 waw
|
| 830 |
|
0 |
|a Štafeta
|
| 910 |
|
|
|a BOA001
|b 2-0802.343
|
| 990 |
|
|
|a BK
|
| 991 |
|
|
|b 201107
|
| 996 |
7 |
|
|b 2619433724
|c 2-0802.343
|l MZK
|r Sklad / do 1 hodiny
|n 0
|w 001195050
|u 000010
|a 1
|e BOA001
|j MZK50
|s A
|